Data Base Management/ (Record no. 30411)

MARC details
000 -LEADER
fixed length control field 00849nam a22002177a 4500
008 - FIXED-LENGTH DATA ELEMENTS--GENERAL INFORMATION
fixed length control field 090915t xxu||||| |||| 00| 0 eng d
010 ## - LCCN (DPL NO)
LC control number B-353878
020 ## - INTERNATIONAL STANDARD BOOK NUMBER
International Standard Book Number 0072465638
Terms of availability 550-00
035 ## - SYSTEM CONTROL NUMBER
System control number B-353878
037 ## - SOURCE OF ACQUISITION
Stock number UBH
Source of stock number/acquisition RP/CL/E;17/81/25-07-09/25-07-09/31-07-09
040 ## - CATALOGING SOURCE
Original cataloging agency dpl
Language of cataloging eng
082 ## - DEWEY DECIMAL CLASSIFICATION NUMBER
Classification number 005.74
100 ## - MAIN ENTRY--PERSONAL NAME
Personal name Ramakrishnan,Raghu
245 ## - TITLE STATEMENT
Title Data Base Management/
Statement of responsibility, etc by Raghu ,Ramakrishnan,Jonannes Gehrke
260 ## - PUBLICATION, DISTRIBUTION, ETC. (IMPRINT)
Place of publication, distribution, etc New Delhi
Name of publisher, distributor, etc Tata Mcgraw Hill
Date of publication, distribution, etc 2009
270 ## - ADDRESS
Address 7 West Patel Nagar
City New Delhi
Postal code 110008
300 ## - PHYSICAL DESCRIPTION
Extent 1065p
Dimensions 26cm
942 ## - ADDED ENTRY ELEMENTS (KOHA)
Source of classification or shelving scheme Dewey Decimal Classification
Item type English Books
Classification part 005.74
Call number suffix RAG
Holdings
Withdrawn status Lost status Source of classification or shelving scheme Damaged status Not for loan Home library Current library Date acquired Source of acquisition Cost, normal purchase price Total Checkouts Full call number Barcode Date last seen Cost, replacement price Koha item type
    Dewey Decimal Classification     Central Library Central Library 25/07/2009 RP/CL 550.00 1 005.74 RAG B-353878 04/07/2023 550.00 English Books

© Delhi Public Library
Hit Counter
free hit counter